Statistiques concernant Les jeux vidéos les plus vendus de la Nintendo 3DS

Cliquez ici pour prendre le quiz!

Statistiques générales

  • Ce quiz a été pris 874 fois
  • Le résultat moyen est 5 sur 15

Statistiques - réponses

Nombres d'exemplaires vendusNoms des jeux les plus vendus% Correct
18,68 millionsMario Kart 7
81%
16,44 millionsPokémon X et Y
58%
16,18 millionsPokémon Soleil et Lune
54%
12,45 millionsAnimal Crossing: New Leaf
43%
9,57 millionsSuper Smash Bros. for Nintendo 3DS
41%
13,32 millionsNew Super Mario Bros. 2
35%
12,67 millionsSuper Mario 3D Land
34%
14,26 millionsPokémon Rubis Oméga et Saphir Alpha
26%
5,45 millionsLuigi's Mansion 2
25%
8,70 millionsPokémon Ultra-Soleil et Ultra-Lune
25%
4,52 millionsThe Legend of Zelda: Ocarina of Time 3D
25%
6,55 millionsTomodachi Life
18%
4,10 millionsMonster Hunter 4
4%
4,10 millionsMonster Hunter 4 Ultimate
1%
4,20 millionsMonster Hunter Generations
1%

Distribution des résultats

Percentile par nombre de réponses

% des personnes avec chaque résultat

Votre développement - résultats

Vous n’avez pas pris ce quiz